Цифровые сигнальные процессоры; Схемотехника; № 3

Бібліографічні деталі
Parent link:Схемотехника: научно-технический журнал.— , 2002-2007
№ 3.— 2004.— С. 36-38
Автор: Вальпа О.
Мова:Російська
Опубліковано: 2004
Серія:Цифровая техника
Предмети:
Формат: Частина з книги
KOHA link:https://koha.lib.tpu.ru/cgi-bin/koha/opac-detail.pl?biblionumber=391525

MARC

LEADER 00000naa2a2200000 4500
001 391525
005 20231101064108.0
035 |a (RuTPU)RU\TPU\prd\25807 
090 |a 391525 
100 |a 20040427a2004 k y0rusy50 ca 
101 0 |a rus 
102 |a RU 
200 1 |a Цифровые сигнальные процессоры  |f О. Вальпа 
225 1 |a Цифровая техника 
311 |a Продолжение. Начало: 2004, №2. 
461 1 |0 (RuTPU)RU\TPU\prd\2494  |t Схемотехника  |o научно-технический журнал  |d 2002-2007 
463 1 |0 (RuTPU)RU\TPU\prd\24912  |t № 3  |v С. 36-38  |d 2004 
610 1 |a процессоры 
610 1 |a сигнальные процессоры 
610 1 |a цифровые процессоры 
610 1 |a структурные схемы 
610 1 |a подключение 
610 1 |a карта памяти 
700 1 |a Вальпа  |b О. 
801 1 |a RU  |b 63413507  |c 20040427  |g PSBO 
801 2 |a RU  |b 63413507  |c 20131218  |g PSBO 
942 |c BK